Roma (Registro nro. 3948)
[ vista simple ]
| 000 -CABECERA | |
|---|---|
| Longitud fija campo de control | 01039nam a2200277Ia 4500 |
| 005 - • FECHA Y HORA DE LA ÚLTIMA TRANSACCIÓN | |
| Fecha y hora de la última transacción | 20220317000413.0 |
| 008 - • CÓDIGOS DE INFORMACIÓN DE LONGITUD FIJA | |
| Códigos de información de longitud fija | 141031s9999 ck 000 0 spa d |
| 020 ## - • NÚMERO INTERNACIONAL NORMALIZADO PARA LIBROS | |
| Número Internacional Normalizado para Libros (ISBN) | 9788474239744 |
| 082 04 - • NÚMERO DE LA CLASIFICACIÓN DECIMAL DEWEY | |
| Número de clasificación (R) | 937.06 |
| Número del ítem | B14r |
| 040 ## - FUENTE DE LA CATALOGACIÓN | |
| Centro catalogador de origen | CO-BoRNBP |
| Lengua de catalogación | spa |
| Normas de descripción | rda |
| Centro transcriptor | CO-BoRNBP |
| 100 1# - • PUNTO DE ACCESO PRINCIPAL-NOMBRE DE PERSONA | |
| Nombre de persona | Baker, Simon |
| 245 10 - • TITULO PROPIAMENTE DICHO | |
| Título | Roma |
| Resto del título | auge y caída de un imperio |
| Mención de responsabilidad, etc. | Simon Baker ; prólogo de Mary Beard ; traducción de María Luz García de la Hoz |
| 250 ## - • MENCIÓN DE EDICIÓN | |
| Mención de edición | 1a edición |
| Resto de la mención de edición | 2a reimpresión |
| 264 ## - PRODUCCIÓN, PUBLICACIÓN , DISTRIBUCIÓN, FABRICACIÓN Y COPYRIGHT | |
| Lugar de producción, publicación, distribución, fabricación | Barcelona |
| Nombre del productor, editor, distribuidor, fabricante | Crítica |
| -- | Ariel |
| Fecha de de producción, publicación, distribución, fabricación o copyright | 2011 |
| 300 ## - • DESCRIPCIÓN FÍSICA | |
| Extensión | 445 páginas, [8] páginas sin enumerar de láminas |
| Otras características físicas | ilustraciones, mapas |
| Dimensiones | 24 cm. |
| 336 ## - TIPO DE CONTENIDO | |
| Término de tipo de contenido | texto |
| Código de tipo de contenido | txt |
| Fuente | rdacontent |
| 337 ## - TIPO DE MEDIO | |
| Nombre del tipo de medio | sin mediación |
| Código del tipo de medio | n |
| Fuente | rdamedia |
| 338 ## - TIPO DE SOPORTE | |
| Nombre del tipo de soporte | volumen |
| Código del tipo de soporte | nc |
| Fuente | rdacarrier |
| 500 ## - • NOTA GENERAL | |
| Nota general | Incluye notas al final de la obra |
| 500 ## - • NOTA GENERAL | |
| Nota general | Incluye lecturas recomendadas |
| 500 ## - • NOTA GENERAL | |
| Nota general | Incluye índice alfabético |
| 534 ## - • Nota De Versión Original | |
| Título | Ancien Rome : the rise and fall of an empire |
| 651 14 - • PUNTO DE ACCESO ADICIONAL DE MATERIA - NOMBRE GEOGRÁFICO | |
| Nombre geográfico | Roma |
| Subdivisión de materia general | Historia antigua |
| 651 14 - • PUNTO DE ACCESO ADICIONAL DE MATERIA - NOMBRE GEOGRÁFICO | |
| Nombre geográfico | Roma |
| Subdivisión de materia general | Historia |
| Subdivisión cronológica | Imperio a. C. 476 d.C. |
| 942 ## - ENTRADA DE ELEMENTOS AGREGADOS (KOHA) | |
| Fuente de clasificaión o esquema | Dewey Decimal Classification |
| Koha [por defecto] tipo de item | LIbro |
No hay ítems disponibles.